[Event "Bundesliga 0304"]
[Site "Germany"]
[Date "2004.03.07"]
[Round "10.3"]
[White "Maiwald, Jens Uwe"]
[Black "Appel, Ralf"]
[Result "0-1"]
[WhiteElo "2543"]
[BlackElo "2513"]
[Annotator "Psakhis,L"]
[PlyCount "54"]
[EventDate "2003.11.01"]
[EventType "team-tourn"]
[EventRounds "15"]
[EventCountry "GER"]
[SourceTitle "CBM 100"]
[Source "ChessBase"]
[SourceDate "2004.06.01"]
[SourceVersion "1"]
[SourceVersionDate "2004.06.01"]
[SourceQuality "1"]
[WhiteTeam "Kreuzberg"]
[BlackTeam "Wattenscheid"]
[WhiteTeamCountry "GER"]
[BlackTeamCountry "GER"]

1. e4 Nf6 2. d3 $6 {Very passive move!} d5 ({I would prefer} 2... e5 $144) 3.
Nd2 c5 4. Ngf3 Nc6 5. g3 e6 6. Bg2 Be7 7. O-O O-O 8. Re1 b5 9. e5 Nd7 ({
Worth considering} 9... Ne8 $5 {[%cal Gb5b4,Ge8c7,Gc7b5] with the idea to
bring later knight on b5.}) 10. Nf1 Qc7 {Rare move,} (10... a5 $5 {[%cal Gb5b4,
Ga5a4] has better reputation.}) 11. Bf4 Nb6 {[%cal Gd5d4,Gb6d5]} (11... a5 12.
h4 d4 13. N1h2 Bb7 14. Ng5 h6 15. Nh3 Nb4 16. Be4 Bxe4 17. Rxe4 Nd5 18. Qe2 a4
19. a3 b4 $132 {0-1 Shabanov,Y-Krapivin,A/Moscow-ch 2001/ (33)}) 12. h4 d4 (
12... Na4 13. Rb1 c4 $6 14. d4 Bb4 15. Re3 c3 16. b3 Nb2 17. Qe1 Ne7 18. a3 Ba5
19. b4 Bb6 20. Rxc3 $16 {Frois,A-Garcia Carbo,M/La Coruna 1993/1-0 (46)}) 13.
N1h2 (13. h5 $5 Nd5 14. Bc1 {[%cal Gh5h7]} h6 15. N1h2 {could be good
alternative to the text.}) 13... Nd5 14. Bg5 Bb7 $146 ({Black could play also} 
14... f6 $5 {and after for example} 15. exf6 gxf6 16. Bh6 Rf7 17. Ng4 Bd7 18.
Qe2 Kh8 19. Nd2 Rg8 $132 {black's position is not bad at all!}) 15. Ng4 Rad8
16. Re4 (16. h5 h6 17. Nxh6+ gxh6 18. Bxh6 f5 $5 $13) 16... Kh8 {[%cal Gf7f5]}
17. Bd2 c4 $1 {[%cal Gc4c3] Now we see, that black has succeeded to solve his
opening problems} 18. Ng5 (18. dxc4 bxc4 19. Nxd4 Nxd4 20. Rxd4 Bc5 21. Bg5 $5
f6 $1 $36 {[%csl Gc5]}) 18... c3 $1 {Brave and strong move} ({In the case of} 
18... h6 $2 19. Nxh6 gxh6 20. Qh5 Bxg5 21. Bxg5 $40 {white's attack is very
dangerose}) 19. bxc3 (19. Bc1 $6) 19... Nxc3 20. Bxc3 dxc3 $36 21. Nf6 {
This attempt meets the tactical refutation.Possibly Maiwald must try to play} (
21. Rf4 $5 Bxg5 $140 22. hxg5 Nxe5 23. Nxe5 Bxg2 24. Nxf7+ Rxf7 25. Rxf7 Qxf7
26. Kxg2 $15) 21... h6 (21... Nxe5 22. Nfxh7 Bxe4 23. Bxe4 Rfe8 24. Qh5 Kg8
$132) 22. Qh5 Nxe5 $1 23. Rxe5 Bxf6 24. Rxb5 $2 {White's position is so
difficult that it is worth for him to play} (24. Rc5 $142 $1 {for example} Qxc5
(24... Qd7 25. Bxb7 Qxb7 26. Rxb5 $1) 25. Nxf7+ Rxf7 26. Qxc5 Bd4 27. Qxb5 Bxg2
28. Kxg2 Rxf2+ 29. Kh3 Rxc2 $17 {[%csl Gc3,Gd4]}) 24... Bxg2 25. Kxg2 Bxg5 26.
Rxg5 (26. hxg5 $2 Qc6+ $19) 26... Qb7+ 27. Kg1 Qb2 {[%csl Ra1,Rc2]} 0-1

[Event "Kish 2nd"]
[Site "Kish"]
[Date "2005.02.05"]
[Round "5"]
[White "Petrosian, Tigran L"]
[Black "Darban, Morteza"]
[Result "1-0"]
[WhiteElo "2568"]
[BlackElo "2404"]
[Annotator "Psakhis,L"]
[PlyCount "91"]
[EventDate "2005.02.02"]
[EventType "tourn"]
[EventRounds "11"]
[EventCountry "IRI"]
[EventCategory "9"]
[SourceTitle "CBM 106"]
[Source "ChessBase"]
[SourceDate "2005.06.06"]
[SourceVersion "1"]
[SourceVersionDate "2005.06.06"]
[SourceQuality "1"]

1. e4 c5 2. Nf3 e6 3. g3 Nc6 4. Bg2 Nf6 5. d3 d5 6. Nbd2 b6 7. O-O dxe4 (7...
Bb7 $5 8. e5 Nd7 9. Re1 Qc7 10. Qe2 h6 11. h4 g5 12. hxg5 hxg5 13. Nxg5 Nd4 14.
Qd1 Nxe5 15. f4 Ng6 16. c3 Nf5 17. Qg4 Nge7 18. Ndf3 Bg7 19. Bd2 Bf6 20. Ne5
Bxe5 21. Rxe5 d4 {1/2-1/2 Fernandez,D-Stripunsky,A/Washington Eastern op 1999/
ChessBase (58)}) 8. dxe4 Ba6 (8... Bb7 9. Qe2 Nd4 10. Nxd4 Qxd4 11. c3 Qa4 12.
b3 Qc6 13. Bf3 Nd7 14. Rd1 Ne5 15. Bg2 O-O-O 16. f4 Ng6 17. Bb2 Be7 18. Nc4
Rxd1+ 19. Rxd1 Rd8 20. Rxd8+ Bxd8 21. Ne3 $36 {1-0 Seirawan,Y-Kudrin,S/NWC
1979/ChessBase (53)}) 9. c4 (9. Re1 Be7 10. c3 O-O 11. Qa4 Qc8 12. e5 Nd5 13.
Ne4 Bd3 14. Bg5 b5 15. Qd1 c4 16. Bxe7 Ncxe7 17. Nd4 Rb8 18. Nd6 Qd7 19. Be4
Bxe4 20. Rxe4 Nc8 21. Nxc8 Qxc8 22. Qh5 $14 {0-1 Smejkal,J-Longwitz,A/Buesum
1967/ChessBase (37)}) 9... Nd7 (9... Qc7 10. Qa4 Bb7 11. e5 Nd7 12. Ne4 Nb4 13.
Nc3 Bc6 14. Qd1 Rd8 15. Bf4 Be7 16. Qe2 Nf8 17. Nb5 Bxb5 18. cxb5 Ng6 19. Bd2
O-O 20. h4 Rfe8 21. h5 $16 {0-1 Kots,Y-Savon,V/UKR-ch Kiev 1966/ (52)}) 10. e5
Qc7 11. Re1 O-O-O 12. Qe2 h6 $146 {[%csl Re5][%cal Gg7g5]} (12... g5 13. Nxg5
Ndxe5 14. f4 Nd3 15. Rf1 Bb7 16. Ndf3 Bg7 17. Rb1 Nd4 18. Nxd4 Bxd4+ 19. Be3
Bxg2 20. Kxg2 Qb7+ 21. Kg1 Bxe3+ 22. Qxe3 Rd4 23. Nf3 Rd7 24. a3 Rhd8 25. Qe2
Qa6 26. Qe4 Kb8 27. Rfd1 {Janousek,P-Pachmann,A/CZE-chT1a 1995/1/2-1/2 (41)})
13. b3 g5 14. Bb2 Rg8 (14... Bg7 $140 $5 15. Ne4 g4 $5 16. Nd6+ Kb8 17. Rab1 (
17. Nb5 Bxb5 18. cxb5 gxf3 19. Qxf3 Ndxe5 20. Bxe5 Bxe5 $15) 17... gxf3 18.
Qxf3 Ndxe5 19. Bxe5 Bxe5 20. Nxf7 Bb7 $1 21. Nxe5 Nxe5 22. Qxb7+ Qxb7 23. Bxb7
Nd3 $1 24. Bf3 Nxe1 25. Rxe1 Rd6 $15) 15. Ne4 (15. h3 $5 $13) 15... g4 16. Nd6+
$5 {[%mdl 512] This is a typical idea in such positions: White wants to
eliminate the only defender of the weak dark squares in Black's camp.} (16. Nh4
Ndxe5 17. Nf6 Rg5 18. Nh7 Nd3 $36) 16... Bxd6 17. exd6 Qxd6 18. Rad1 Qe7 (18...
Qc7 $5 {[%csl Ge5]}) 19. Nh4 {[%cal Og2c6,Gh4f5]} Ndb8 (19... Bb7 20. Nf5 exf5
21. Qxe7 Nxe7 22. Rxe7 Bxg2 23. Kxg2 $44) 20. Rxd8+ Qxd8 21. Qe4 (21. Rd1 Qc7
22. f3 $5 $44) 21... Qd2 (21... Bb7 22. Qh7 Qf8 $1) 22. Bc1 Qc3 ({I think that
Black correctly avoided the line} 22... Qxa2 23. Qh7 $36) 23. Bxh6 Rd8 (23...
Bb7 $140 24. Rd1 Qf6 $15 {[%csl Rh4][%cal Of6h6,Gb7g2]}) 24. Rf1 Qb2 {[%csl
Ra2] This looks tempting, but might be not the best objectively.} (24... Qd4 $5
25. Qh7 f5 $132) 25. Qf4 (25. Qxg4 Qxa2 26. Qf3 Rd7) 25... Rd7 (25... f5 26.
Nxf5 $1 exf5 27. Qxf5+ Rd7 28. Qxg4 $36) 26. Qxg4 Qxa2 27. Qg8+ ({This
position probably requires more concrete decisions:} 27. Nf3 $142 $5 Qxb3 $140
28. Qg8+ Rd8 29. Qxf7 Qxc4 30. Bg5 $36) 27... Nd8 $8 28. Bg5 $1 Qxb3 29. Bxd8
Rxd8 30. Qxf7 Qxc4 (30... Rd7 31. Qe8+ Kc7 32. Qxe6 Qxc4 33. Qe5+ $40) 31. Qxa7
{Petrosian managed to open the files in order to attack the Black king.} Qb4
32. Ng6 {[%csl Gg6][%cal Rg6e7] White's position looks tremendous, but it is
still not so easy to create real threats.} Rd7 $8 33. Ne7+ Kd8 34. Qxb8+ ({
Possibly White should have preferred} 34. Nc6+ $140 Nxc6 35. Qxa6 Nd4 36. Qa8+
$14) 34... Kxe7 35. Ra1 Be2 $2 {This terrible move reverses the result of the
game.} (35... Qc3 $142 $1 36. Rxa6 Rd1+ 37. Bf1 Rxf1+ 38. Kxf1 Qc4+ 39. Kg2
Qxa6 40. h4 c4 $132) 36. h4 $1 $16 {[%csl Re7,Gh4]} Qb2 (36... Qd4 $5) 37. Ra8
$18 {The rest is very simple.} Qf6 38. Qe8+ Kd6 39. Rb8 $1 Qa1+ 40. Kh2 Qa6 41.
Qf8+ Kc7 42. Ra8 $1 Qxa8 43. Qxa8 Rd6 44. Qb7+ Kd8 45. Bc6 e5 46. Qxb6+ 1-0

[Event "RUS-Cup4"]
[Site "Perm"]
[Date "1997.02.08"]
[Round "1"]
[White "Fedorov, Alexei"]
[Black "Kalichkin, Igor"]
[Result "1-0"]
[WhiteElo "2580"]
[BlackElo "2425"]
[Annotator "Psakhis,L"]
[PlyCount "33"]
[EventDate "1997.02.02"]
[EventType "swiss"]
[EventRounds "9"]
[EventCountry "RUS"]
[SourceTitle "CBM 058"]
[Source "ChessBase"]
[SourceDate "1997.06.01"]
[SourceVersion "1"]
[SourceVersionDate "1997.06.01"]
[SourceQuality "1"]

1. e4 {Petursson} e6 2. Qe2 $5 {Very fashionable move nowdays.} b6 {Too slow.}
(2... c5 $5) (2... Nc6 $5) 3. Nf3 Ne7 (3... Bb7 4. c4 $5 (4. d3 d5 5. exd5 Bxd5
6. Nc3 Bb4 7. Bd2 Nf6 8. Nxd5 Bxd2+ 9. Qxd2 Qxd5 10. Be2 O-O 11. O-O c5 $11 {
1-0 Conquest,S-Wolrich/FRA t-ch 1996 (38)}) 4... c5 5. b3 d6 6. g3 Be7 7. Bg2
Bf6 8. Nc3 Nc6 9. Bb2 Nge7 10. O-O O-O 11. d3 Nd4 12. Nxd4 Bxd4 13. Kh1 Qd7 14.
Rae1 $14 {1-0 Smyslov,V-Atlas,D/Capelle la Grande 1995 (31)}) 4. g3 d5 {
Not very consistently.} 5. Bg2 Nd7 (5... Bb7 $5) 6. exd5 $5 exd5 $6 {The best
way to commit suicide is to open e line with so big lack of development.} ({
After correct} 6... Nxd5 $1 7. c4 Ne7 (7... N5f6 8. Nd4 (8. d4 $14) 8... Ba6 9.
O-O c5 10. Bxa8 Qxa8 11. Nc2 $16) 8. d4 $14 {White advantage is stable, but
not so big}) 7. d4 f6 (7... a5 $5) 8. O-O Kf7 9. c4 $1 c6 10. Nc3 Nb8 {
Miserable move, but Black really need,s good advice.} (10... Ba6 $6 11. Re1
Bxc4 12. Qe6+ Ke8 13. Nd2 Bd3 14. Qxc6 $18) 11. Re1 Na6 12. Bf4 g6 (12... Nc7
13. Bxc7 Qxc7 14. cxd5 cxd5 15. Nxd5 $18) 13. cxd5 Nxd5 (13... cxd5 $5 {
was the last chance to continue some resistance.}) 14. Nxd5 cxd5 15. Ne5+ $1
$18 (15. Ng5+ $5 {Petursson} fxg5 (15... Kg7 16. Qb5 $1 Nb4 17. Re8 a6 18. Qe2
Qd7 19. Rc1 $18) 16. Be5 Bg7 17. Qf3+ Bf5 18. Qxd5+ Be6 19. Qb7+ $18) 15... Kg7
(15... fxe5 16. Qxe5 Bg7 (16... Nb4 17. Qxh8 $18) 17. Bxd5+ Kf8 18. Qd6+ $18 (
18. Qd6+ {Petursson} Qxd6 19. Bxd6#)) (15... Kg8 16. Nc6 Qd7 17. Ne7+ Bxe7 18.
Qxe7 $18 (18. Qxe7 {Petursson} Qxe7 19. Rxe7 Nb4 20. Bh6 $18)) 16. Bh6+ $1 Kg8
(16... Kxh6 {Petursson} 17. Nf7+ Kg7 18. Nxd8) 17. Nc6 (17. Nc6 {Petursson} Qd7
{[%tqu "En","JUST for fun: Canyou find a forced mate in six moves here?","It's
more straightforward then Nc6-e7+","It's a bishop sacrifice to distract his
queen from the defence.","g2d5","GREAT!  You git that killing instinct!",10]}
18. Bxd5+ Qxd5 19. Ne7+ Bxe7 20. Qxe7 Qf7 21. Qd8+ Qf8 22. Qxf8#) 1-0

[Event "Olympiad-32"]
[Site "Yerevan"]
[Date "1996.09.18"]
[Round "3.2"]
[White "Psakhis, Lev"]
[Black "Strikovic, Aleksa"]
[Result "1-0"]
[WhiteElo "2590"]
[BlackElo "2550"]
[Annotator "Psakhis,L"]
[PlyCount "83"]
[EventDate "1996.09.15"]
[EventType "team-swiss"]
[EventRounds "14"]
[EventCountry "ARM"]
[SourceTitle "CBM 055"]
[Source "ChessBase"]
[SourceDate "1996.12.01"]
[SourceVersion "1"]
[SourceVersionDate "1996.12.01"]
[SourceQuality "1"]
[WhiteTeam "Israel"]
[BlackTeam "Yugoslavia"]
[WhiteTeamCountry "ISR"]
[BlackTeamCountry "YUG"]

1. e4 c5 2. Nf3 e6 3. d3 Nc6 4. g3 d5 5. Qe2 Nf6 6. Bg2 Be7 7. O-O O-O 8. e5
Ne8 9. c4 (9. h4 b5 (9... Nc7 10. Bg5 b5 11. Nbd2 a5 12. c4 a4 13. Rab1 Bd7 $13
{Flogel,U-Bischoff,K/BL 1994/0,5/30/}) (9... f5 10. c3 g6 11. d4 b6 12. Bh6 Ng7
13. Rd1 f4 14. Nbd2 fxg3 15. fxg3 cxd4 16. cxd4 Nf5 17. Bxf8 Ncxd4 18. Nxd4
Nxd4 19. Qg4 Bxf8 20. Kh2 $14 {Psakhis,L-Beider,A/Tel-Aviv(act)/1990/1:0/39/})
10. Bf4 a5 11. Nbd2 a4 12. a3 b4 13. Bg5 Nc7 14. c3 bxc3 15. bxc3 Nb5 16. Rfc1
Qa5 $36 {Fedorov,A-Savchenko,S/Minsk/1996/1:0/41/}) 9... Nc7 (9... f5 10. exf6
Bxf6 11. h4 dxc4 12. dxc4 Nd4 13. Nxd4 Bxd4 14. Nd2 e5 15. Ne4 $14 {Iuldashev,
S-Chernosvitov,A/Voskresensk/1992/0,5/18/}) 10. Nc3 (10. Bf4 $5 b5 11. b3 Rb8
12. h4 Nd4 $6 13. Nxd4 cxd4 14. Rd1 Bb7 15. Nd2 $14 {Tal,M-Debarnot/Las Palmas/
1977/}) 10... Rb8 11. Rd1 (11. b3 b5 12. Nxb5 Nxb5 13. cxb5 Rxb5 14. Be3 Ba6
15. Rfc1 Qb8 16. d4 Rb6 {Bilek,I-Bouwmeester,H/Amsterdam IBM/1968/}) 11... b5
12. b3 (12. Nxb5 Nxb5 13. cxb5 Rxb5 14. d4 Qb6) 12... f5 $5 (12... b4 13. Na4
$14) 13. cxd5 (13. cxb5 Nxb5 14. Nxb5 Rxb5 15. d4 Ba6 (15... Qb6 16. Ba3 $1)
16. dxc5 Qa5 $10) 13... exd5 (13... Nxd5 14. Nxd5 Qxd5 15. d4 cxd4 (15... Qe4
16. Be3) 16. Bb2 Bb7 17. Bxd4 Nxd4 18. Rxd4 Qc6 $10) 14. d4 Ba6 (14... b4 15.
Na4 Ba6 16. Qc2) 15. Qe3 (15. Qc2 $5 b4 (15... c4 16. bxc4 bxc4 $13) 16. Na4 c4
17. bxc4 Bxc4 (17... dxc4 18. d5 $1 b3 (18... Nxd5 $2 19. Ne1 b3 20. axb3 Ncb4
21. Bxd5+ $18) 19. axb3 Nb4 20. Qd2 Nbxd5 21. bxc4 Bxc4 22. Nd4 $14) 18. Nb2
Bb5 $13) 15... Ne6 16. Ne2 (16. dxc5 Bxc5 (16... f4 17. Qe2) (16... d4 17. Nxd4
Ncxd4 (17... f4 18. gxf4 (18. Nxc6 fxe3 19. Rxd8 exf2+ 20. Kf1 b4+ 21. Ne2
Rbxd8 22. Nxe7+ Kh8 (22... Kf7 23. Nc6) 23. Be3 Nd4 24. Bxd4 Rxd4) 18... Ncxd4
19. Bd5 Bxc5 20. Bxe6+ Nxe6 (20... Kh8 21. Ne4 Bb6 22. Ng5)) 18. Bd5 Bxc5 19.
b4 $5) 17. Qe2 d4 $13 18. Na4 $2 d3 $1 19. Nxc5 dxe2 20. Rxd8 Rbxd8 $19) 16...
b4 (16... Nb4 17. Qd2) 17. dxc5 (17. Bb2 $5) 17... Bxc5 18. Qd2 Qb6 19. Nf4
Nxf4 20. gxf4 Rbd8 21. Bb2 (21. Ng5 Nd4 22. Bb2 Ne2+ 23. Kh1 d4 $15) 21... d4
22. Ng5 (22. Ne1 d3 23. Bf1 Nd4 24. Bxd3 Nf3+ 25. Nxf3 Rxd3 26. Qxd3 Bxd3 27.
Rxd3 Bxf2+ 28. Kg2 Be3 29. Kg3) 22... Rfe8 (22... Ne7 $1 23. Rac1 d3 24. Rxc5
Qxc5 25. Ne6 Qb6 26. Nxf8 Kxf8 27. Qe3 (27. Rc1 Bb7 $36) 27... Qxe3 28. fxe3
Nd5 (28... Rc8 29. Bf1 Rc2 30. Bd4 Rxa2 31. Bxd3 Bxd3 32. Rxd3 a5) 29. Bxd5
Rxd5 30. Bd4 $10) 23. Rac1 Ne7 (23... d3 24. Rxc5 Qxc5 25. Rc1) 24. Rxc5 Qxc5
25. Ne6 Qb6 26. Nxd8 Rxd8 (26... d3 27. Nb7 $1 Bxb7 28. Bxb7 Qxb7 29. Qxd3 $16)
27. Bxd4 Qg6 28. Qxb4 Nc6 (28... Nd5 $5 29. Qd2 (29. Qa5 Rd7) 29... Nc7 $5 30.
Kh1 Ne6 31. Qa5 (31. Qe3 Qg4 32. Rd2 (32. Bf3 $2 Bb7 $1 $19)) 31... Qg4 32. Rg1
$18) 29. Qc3 (29. Qc5 Be2 30. Qxc6 $8 Qxc6 31. Bxc6 Bxd1 32. Bxa7 Rd2 33. b4 $1
) 29... Bb7 (29... Qg4 30. Rd2) 30. Kh1 $1 $18 h5 $138 31. Rd2 h4 32. h3 (32.
Bxa7 $5) 32... Rc8 33. Qb2 Qf7 34. Rc2 Qd7 35. Be3 Nb4 (35... Nd8 36. Rxc8
Bxg2+ 37. Kxg2 Qxc8 38. Qd4 $18) 36. Rxc8+ Qxc8 37. Qd4 Bxg2+ 38. Kxg2 Qb7+ 39.
Kh2 a5 (39... Nxa2 40. e6) 40. e6 Nd5 41. Qe5 Ne7 (41... Nxe3 42. Qxe3 Qe7 43.
Qe5) 42. Qxa5 1-0

[Event "RUS-Cup01 Chigorin Memorial"]
[Site "St Petersburg"]
[Date "1997.11.07"]
[Round "7"]
[White "Karasev, Vladimir I"]
[Black "Smikovski, Ivan"]
[Result "0-1"]
[WhiteElo "2350"]
[BlackElo "2490"]
[Annotator "Psakhis,L"]
[PlyCount "50"]
[EventDate "1997.11.01"]
[EventType "swiss"]
[EventRounds "9"]
[EventCountry "RUS"]
[SourceTitle "CBM 062"]
[Source "ChessBase"]
[SourceDate "1998.01.31"]
[SourceVersion "1"]
[SourceVersionDate "1998.01.31"]
[SourceQuality "1"]

1. e4 e6 2. b3 {Karasev likes this rare and not very dangerous for Black move.}
d5 3. Bb2 Nf6 4. exd5 exd5 5. Qe2+ {After} (5. Nf3 Be7 6. Be2 O-O 7. O-O Bg4 8.
d4 Bd6 9. Nbd2 Nbd7 10. Ne5 Bxe2 11. Qxe2 Re8 {0-1 Yu Shaoteng-Ulibin,M/
Beijing op 1996 (53), White hasn,t even smell of advantage.}) 5... Be7 {
Also possible} (5... Qe7 6. Bxf6 gxf6 7. Qxe7+ Bxe7 8. Nc3 c6 9. g3 h5 10. h4
Nd7 11. d4 Nf8 12. Bh3 Bxh3 13. Nxh3 Ne6 14. Ne2 Bd6 15. O-O f5 $11 {Ressler,
E-Dietz,J/OLNN9697 1997/EXT 97/0-1 (38) or}) (5... Be6 $5 6. Nf3 Nc6 7. Ng5 Qd7
8. Nxe6 fxe6 9. g3 O-O-O 10. Bh3 Re8 11. O-O Bc5 12. c3 h5 $36 {0-1 Karasev,
V-Zakharov,A/St.Petersburg op2 1994/EXP 43 (40)}) 6. Bxf6 gxf6 7. d4 (7. Qh5
Be6 8. Ne2 Nc6 9. Nf4 Qd6 10. Nxe6 Qxe6+ 11. Be2 Nd4 $36 {Boog,A-Atlas,D/
Geneve op 1993/EXT 93op/0-1 (43)}) 7... Nc6 {Black position is very good, in
spite of double f pawns.} 8. c3 Bf5 9. Qf3 (9. Nd2 Qd6) 9... Be4 (9... Qd7 $1
10. Nd2 O-O-O 11. Bb5 Bg4 12. Bxc6 bxc6 13. Qd3 Bd6 $15) 10. Qh3 Qd6 11. Bd3 (
11. Nd2 $5 $13) 11... f5 $5 12. Nd2 Nd8 $5 {[%cal Yd8e6,Ye6f4]} 13. Ne2 Ne6 14.
Bxe4 (14. Nxe4 fxe4 15. Bc2 O-O-O) 14... fxe4 15. f3 $1 (15. O-O-O $2 Qa6 $1 {
[%cal Ra6a2,Ra6e2]}) 15... Bg5 16. fxe4 Bxd2+ 17. Kxd2 dxe4 {[%cal Rc7c5]} 18.
Kc2 (18. Qf5 $5 O-O-O 19. Qxe4 c5 $44) 18... O-O-O (18... c5 $6 19. Rhd1 $1 $16
) 19. Rhf1 Kb8 $13 20. Rad1 (20. Rae1 c5) 20... Rhg8 21. d5 $2 {Serious
mistake.} (21. Kb2 $5 $11) 21... Qa6 22. Nc1 Rxd5 $1 23. Qxh7 (23. g3 $5) 23...
Rxg2+ 24. Kb1 b6 $6 (24... Qa3 $1 25. Qh8+ Nf8 26. c4 Rxd1 27. Rxd1 Qe7 (27...
Kc8 $2 28. Qh3+ $18) 28. Qd4 Qe6 (28... Ne6 29. Qh8+) 29. Qd8+ Qc8 30. Qf6 Ne6
$17 31. Qxf7 $2 Qh8 $19) 25. Qxf7 $2 (25. Qxe4 Rxd1 (25... Rdd2 26. Rxd2 Rxd2
27. Qe1 $1 Rxh2 28. Rxf7 Qa3 29. Rf2 $11)) 25... Qa3 0-1

[Event "EU-ch 2nd"]
[Site "Ohrid"]
[Date "2001.06.07"]
[Round "7"]
[White "Turov, Maxim"]
[Black "Efimenko, Zahar"]
[Result "1/2-1/2"]
[WhiteElo "2553"]
[BlackElo "2439"]
[Annotator "Psakhis,L"]
[PlyCount "79"]
[EventDate "2001.06.01"]
[EventType "swiss"]
[EventRounds "13"]
[EventCountry "YUG"]
[SourceTitle "CBM 084"]
[Source "ChessBase"]
[SourceDate "2001.09.13"]
[SourceVersion "1"]
[SourceVersionDate "2001.09.13"]
[SourceQuality "1"]

1. e4 e6 2. Qe2 c5 3. Nf3 Nc6 4. g3 Be7 5. Bg2 d5 6. d3 Nf6 7. O-O b6 8. e5 Nd7
9. c4 d4 10. h4 {Not bad move, but I think that} (10. Nfd2 $5 {is stronger- it
will be very difficult for Black to find counter play after e5 pawn will be
safely protected.} Bb7 11. f4 Qc7 12. Ne4 h6 13. Na3 a6 14. Nc2 b5 15. Bd2 b4
16. a3 a5 17. axb4 cxb4 18. f5 $40 {1-0 Bellini,F-Arlandi,E/ITA-ch Saint
Vincent 2000/ (31)}) 10... Bb7 11. Re1 (11. Bf4 h6 12. h5 Qc7 13. Re1 O-O-O 14.
Nbd2 g5 15. hxg6 fxg6 16. g4 g5 17. Bg3 Rde8 18. Ne4 $36 {Maeurer,C-Carstens,A/
Oberliga Wurttemberg 2001/ g/1-0 (43)}) 11... h6 12. Na3 a6 13. Nc2 $146 {
Novelty, but not too successful.} ({Worth considering} 13. h5 {for example} Qc7
(13... g6 $5) 14. Nc2 O-O-O 15. Bd2 Nf8 16. a3 g6 17. Nh2 Nd7 18. hxg6 fxg6 19.
b4 $40 {1-0 Dgebuadze,A-De Haan,E/Belgian Interteams 2000 (69)}) 13... g5 $1 {
[%csl Re5] Typical and strong move. Black's main target now is evennot king ,
but e5 pawn.} 14. hxg5 hxg5 15. Rb1 Rg8 {Just waist of time} ({After almost
force} 15... g4 $1 16. Nh2 Ndxe5 17. Nxg4 Nxc4 $1 18. dxc4 $140 d3 19. Qe4 dxc2
20. Qxc2 Nd4 $36 {White needs good advice.}) 16. b4 (16. g4 $5 Nf8 {[%cal
Gf8g6,Gg6f4]}) 16... g4 (16... cxb4 17. Ncxd4 $13) 17. Nh2 Ndxe5 18. b5 $1 axb5
19. cxb5 Nf3+ 20. Nxf3 gxf3 21. Bxf3 Na5 {[%csl Rc2] It is clear that black
position is better, in spite of too slow 15... Rg8} 22. Bf4 (22. Bxb7 Nxb7 23.
Qe4 Qd7 $17) 22... Bd6 23. Bxb7 Nxb7 24. Qe4 Bxf4 (24... Rxa2 25. Qxb7 Bxf4 26.
Ra1 $5 $44) 25. Qxf4 (25. Qxb7 Qb8 $1 {[%cal Gf4g3]}) 25... Rxa2 (25... Nd6 $5
26. a3 Ra5 {[%csl Rb5]}) 26. Ra1 $2 {[%mdl 8192] The text move is artificial
and throws White into serious trouble. However, he had enough problems anyway}
(26. Qf3 $17) 26... Rxa1 $2 {Stillkeeps advantage, but why not} (26... Rxc2 27.
Ra7 Qd5 $1 28. Qc7 Rh8 29. Qc6+ $8 (29. Ra8+ Nd8) 29... Kf8 30. Qxd5 exd5 31.
Rxb7 Rh6 $19 {with easy winning ending !?}) 27. Rxa1 Na5 28. Ne1 $1 {Finally
white knight join fight!} Rg5 29. Nf3 Rf5 30. Qg4 Qd5 31. Nd2 Rh5 32. Ne4 Ke7
33. Qg8 {Black position is still better, but it is not easy to say, if he can
surely win game - white's pieces became too active} c4 (33... Rh6 $5) (33...
Qe5 $5) 34. g4 Rh3 {Possibly missed last chance for victory.} (34... Re5 $142
$5 35. Qb8 Rxe4 36. dxe4 Qxe4 37. Qxb6 Qxg4+ 38. Kh1 Nb3 $17) 35. Qg7 cxd3 (
35... c3 $5 36. f4 $1 $132 {leads to compleatly unclear consequences}) 36. Qf6+
Kf8 37. Rc1 $1 $11 Nc4 38. Rxc4 $1 Qxc4 39. Qd8+ Kg7 40. Qg5+ (40. Qg5+ Kh8 41.
Qf6+ $11) 1/2-1/2